Anglais Business - Statistiques

Statistiques générales
  • Ce quiz a été pris 22 fois
  • Le résultat moyen est 18 sur 38
Statistiques - réponses
Hint Réponse % Correct
un investisseur an investor
79%
investissement investment
79%
compétitif competitive
71%
investir to invest
71%
comptabilité accounting
64%
un entrepreneur an entrepreneur
64%
un syndicat a trade union
64%
compétitivité competitiveness
64%
rentable profitable
64%
la bourse the stock market
64%
une société cotée en bourse a listed company
57%
faillite bankruptcy
57%
image de marque corporate image
57%
l'esprit entrepreneur entrepreneurship
57%
capital-risque venture capital
57%
une société à responsabilité limitée, SARL a public limited company
50%
direction (de l'ent) management
50%
etre en faillite to be bankrupt
50%
etre en greve to be on strike
50%
grosses (entreprise) a corporation
43%
une fusion a merger
43%
une action a share
43%
une offre publique d'achat a takeover bid
43%
mécénat de l'entreprises corporate sponsorship
43%
impot sur les sociétés corporate tax
43%
relations patronat-syndicat industrial relation
43%
monter dans la hierarchie de l'entreprise to move up the corporate ladder
43%
un actionnaire a shareholder
36%
grève industrial action
36%
Petites et moyennes entreprises Small and medium-sized buinesses
36%
faire des bénéfices to make profits
36%
gérer une entreprise to manage a business
36%
réduire les effectifs to downsize
29%
subvention subsidy
21%
rationaliser to streamline
21%
une marge bénéficiaire a profit margin
14%
subventionner subsidize
14%
se développer to expand
14%
Aucun quiz correspondant
Distribution des résultats
% des personnes avec chaque résultat
Percentile par nombre de réponses
Votre historique - résultats
Vous n’avez pas pris ce quiz